Personnages d'anime (manga) en images - S - Statistiques

Statistiques générales
  • Ce quiz a été pris 197 fois
    175 depuis la dernière actualisation
  • Le résultat moyen est 3 sur 20
Statistiques - réponses
Par images Réponse % Correct
Shoyo Hinata
80%
Seiya Pegasus
60%
Suika
33%
Sakamoto
23%
Seijuro Shin
23%
Satoshi
17%
Shuya Goenji
14%
Shiro Emiya
9%
Stephanie Dola
7%
Sadao Mao/Satan
5%
Shinei Nozen
4%
Staz Charlie Blood
3%
Sen Yarizui
2%
Shinya Kogami
2%
Shizuo Heiwajima
2%
Shingo Kinjo
1%
Shichika Yasuri
0%
Shigeshige Tokugawa
0%
Shihoru
0%
Shuka Karino
0%
Aucun quiz correspondant
Distribution des résultats
% des personnes avec chaque résultat
Percentile par nombre de réponses
Votre historique - résultats
Vous n’avez pas pris ce quiz depuis la dernière actualisation